00461nam a2200169Ia 4500008004100000020001400041040001900055041001200074082003700086100001400123245005400137260003100191300003100222650000900253651001900262850001000281131103s9999 xx 000 0 und d a417055005 aLoreto College aEnglish a791.4/LEV/791.4/ZORbLCLIB/27997 aLevy,Alan aForever Sophiab an intimate portrait cAlan Levy aLondonbMagnum Booksc1979 axii,228 p.b ill.c 20 cm. aFilm aMotion Picture aLCLIB